000 00509nam a22002177a 4500
003 UA-OsUOA
001 62309
007 ta
008 20090818b un ||||| |||| 00| 0 ukr d
090 _a94(430)
_bН72
942 _cBK
040 _aUA-OsUOA
_brus
_cUA-OsUOA
_dUA-OsUOA
245 _aНовые документы из истории Мюнхена
300 _a159 с.
955 _a1
041 _arus
080 _a94(430)
260 _aМ.
_bГИПЛ
_c1958
650 7 _2UDC
999 _c348398
_d348398